000
00310nam a2200133Ia 4500
005
20260326235459.0
008
260326s9999||||xx |||||||||||||| ||und||
100
_a
Kidson, Peter
245
4
_a
The Medieval World /
_c
Peter Kidson
260
_b
Hamlyn
300
_a
176 p.
650
_a
ARQUITECTURA
942
_c
BK
999
_c
8015
_d
8015